Stati con più Buddisti al mondo - Statistics

Statistiche generali
  • Questo quiz è stato fatto 7 volte
  • Il punteggio medio è 17 su 20
Statistiche sulle risposte
Continente Buddisti (in numeri assoluti) Stato % Corretto
Asia 720 000 Bangladesh
100%
Asia 9 250 000 India
100%
Asia 2 062 150 Indonesia
100%
Oceania 600 000 Australia
86%
Asia 540 000 Bhutan
86%
Asia 38 410 000 Birmania
86%
Asia 13 690 000 Cambogia
86%
Asia 244 130 000 Cina
86%
Asia 11 050 000 Corea del Sud
86%
Asia 1 861 6000 Filippine
86%
Asia 45 820 000 Giappone
86%
Asia 4 100 000 Laos
86%
Asia 5 010 000 Malaysia
86%
Asia 1 520 000 Mongolia
86%
Asia 3 080 000 Nepal
86%
Asia 1 730 000 Singapore
86%
America del Nord 3 570 000 Stati Uniti
86%
Asia 64 420 000 Thailandia
86%
Asia 14 380 000 Vietnam
86%
Asia 14 450 000 Sri Lanka
71%
Nessun quiz corrispondente trovato
Distribuzione punteggi
Percentuale di utenti per punteggio
Percentile per numero di risposta
I tuoi punteggi nel tempo
Non hai fatto questo quiz